[Event "POL-chT 58th 2nd League"]
[Site "Wisla"]
[Date "2002.??.??"]
[Round "?"]
[White "Bielinski, Leszek"]
[Black "Juzek, Adrian"]
[Result "1/2-1/2"]
[WhiteElo "2188"]
[BlackElo "2267"]
[PlyCount "40"]
[EventDate "2002.08.30"]
[EventType "team-swiss"]
[EventRounds "11"]
[EventCountry "POL"]
[SourceTitle "EXT 2019"]
[Source "ChessBase"]
[SourceDate "2018.10.10"]
[SourceVersion "1"]
[SourceVersionDate "2018.10.10"]
[SourceQuality "1"]

1. e4 c5 2. c3 d5 3. exd5 Qxd5 4. d4 Nc6 5. Nf3 e5 6. Nxe5 Nxe5 7. dxe5 Qxe5+ 8. Qe2 Bd6 9. Qxe5+ Bxe5 10. Bb5+ Bd7 11. Bxd7+ Kxd7 12. Be3 Kc6 13. Nd2 Nf6 14. Nf3 Bc7 15. 0-0 Nd5 16. c4 Nxe3 17. fxe3 f6 18. Rad1 Rhe8 19. Rd3 Re4 20. b3 Rae8 1/2-1/2

[Event "POL-chT 58th 2nd League"]
[Site "Wisla"]
[Date "2002.??.??"]
[Round "?"]
[White "Juzek, Adrian"]
[Black "Grabowski, Pawel"]
[Result "0-1"]
[WhiteElo "2267"]
[BlackElo "2228"]
[PlyCount "40"]
[EventDate "2002.08.30"]
[EventType "team-swiss"]
[EventRounds "11"]
[EventCountry "POL"]
[SourceTitle "EXT 2019"]
[Source "ChessBase"]
[SourceDate "2018.10.10"]
[SourceVersion "1"]
[SourceVersionDate "2018.10.10"]
[SourceQuality "1"]
[BlackTeam "Torun Torfarm 64"]
[BlackTeamCountry "POL"]

1. e4 e5 2. Nc3 Nc6 3. Bc4 Nf6 4. d3 Bc5 5. f4 d6 6. Nf3 Bg4 7. Na4 Nd4 8. Nxc5 dxc5 9. 0-0 Nxf3+ 10. gxf3 Bh3 11. Rf2 Qd6 12. fxe5 Qxe5 13. f4 Qd4 14. c3 Qd7 15. e5 Bg4 16. Qb3 0-0-0 17. Be3 Nh5 18. Bxc5 Bh3 19. f5 Qc6 20. d4 Nf4 0-1

[Event "POL-chT 58th 2nd League"]
[Site "Wisla"]
[Date "2002.??.??"]
[Round "?"]
[White "Juzek, Adrian"]
[Black "Jurkiewicz, Krzysztof"]
[Result "0-1"]
[WhiteElo "2267"]
[BlackElo "2320"]
[PlyCount "40"]
[EventDate "2002.08.30"]
[EventType "team-swiss"]
[EventRounds "11"]
[EventCountry "POL"]
[SourceTitle "EXT 2019"]
[Source "ChessBase"]
[SourceDate "2018.10.10"]
[SourceVersion "1"]
[SourceVersionDate "2018.10.10"]
[SourceQuality "1"]

1. e4 c5 2. Nf3 d6 3. d4 cxd4 4. Nxd4 Nf6 5. Nc3 g6 6. Be2 Bg7 7. 0-0 Nc6 8. Nb3 0-0 9. Be3 Be6 10. f4 Na5 11. f5 Bc4 12. Bd3 b5 13. Kh1 b4 14. Ne2 Ng4 15. Bg1 Bxd3 16. cxd3 Bxb2 17. Rb1 Bg7 18. Nf4 Ne5 19. Nxa5 Qxa5 20. Nd5 Bf6 0-1

[Event "POL-chT 58th 2nd League"]
[Site "Wisla"]
[Date "2002.??.??"]
[Round "?"]
[White "Juzek, Adrian"]
[Black "Sciborowski, Miroslaw"]
[Result "1/2-1/2"]
[WhiteElo "2267"]
[BlackElo "2182"]
[PlyCount "40"]
[EventDate "2002.08.30"]
[EventType "team-swiss"]
[EventRounds "11"]
[EventCountry "POL"]
[SourceTitle "EXT 2019"]
[Source "ChessBase"]
[SourceDate "2018.10.10"]
[SourceVersion "1"]
[SourceVersionDate "2018.10.10"]
[SourceQuality "1"]
[BlackTeam "Znin Baszta"]
[BlackTeamCountry "POL"]

1. e4 d5 2. exd5 Qxd5 3. Nc3 Qa5 4. d4 Nf6 5. Nf3 c6 6. Bc4 Bf5 7. Bd2 Qb6 8. Qe2 e6 9. 0-0-0 Nbd7 10. Nh4 Bg4 11. f3 Bh5 12. g4 Bg6 13. g5 Nd5 14. Bxd5 cxd5 15. Nxg6 hxg6 16. Nxd5 Qc6 17. Nc3 Nb6 18. Kb1 0-0-0 19. Nb5 Qd5 20. Nxa7+ Kd7 1/2-1/2

[Event "POL-chT3"]
[Site "Poland"]
[Date "2002.??.??"]
[Round "?"]
[White "Kobylecki, Grzegorz"]
[Black "Juzek, Adrian"]
[Result "1/2-1/2"]
[WhiteElo "2140"]
[BlackElo "2267"]
[PlyCount "89"]
[EventDate "2002.??.??"]
[EventType "team"]
[EventRounds "9"]
[EventCountry "POL"]
[SourceTitle "EXT 2006"]
[Source "ChessBase"]
[SourceDate "2005.11.24"]
[SourceVersion "1"]
[SourceVersionDate "2005.11.24"]
[SourceQuality "1"]

1. e4 c5 2. Nf3 d6 3. d4 cxd4 4. Nxd4 Nf6 5. Nc3 a6 6. Bc4 e6 7. Bb3 Be7 8. f4 Nc6 9. 0-0 Qc7 10. Kh1 0-0 11. f5 Nxd4 12. Qxd4 Ng4 13. Qd1 Ne5 14. Ne2 Re8 15. Nf4 Bf8 16. fxe6 fxe6 17. Nh5 Bd7 18. Bf4 Bb5 19. c4 Bc6 20. Bxe5 dxe5 21. Qg4 Kh8 22. c5 Bxc5 23. Bxe6 Rf8 24. Rad1 Bd4 25. Ng3 Bb5 26. Rxf8+ Rxf8 27. Nf5 g6 28. Nxd4 exd4 29. Bd5 Qe5 30. Qe6 Qf4 31. h3 d3 32. Qb6 Qe5 33. Qc5 Kg7 34. Qc3 Qxc3 35. bxc3 Rc8 36. c4 Bxc4 37. Bxc4 Rxc4 38. Rxd3 Rxe4 39. Rd7+ Kh6 40. Rxb7 Re2 41. a4 Re4 42. a5 Re5 43. Ra7 Rxa5 44. Kh2 Ra3 45. h4 1/2-1/2

[Event "MK Cafe Cup-B"]
[Site "Koszalin"]
[Date "1999.08.03"]
[Round "1"]
[White "Juzek, Adrian"]
[Black "Motylev, Alexander"]
[Result "0-1"]
[WhiteElo "2202"]
[BlackElo "2532"]
[PlyCount "76"]
[EventDate "1999.08.03"]
[EventType "swiss"]
[EventRounds "10"]
[EventCountry "POL"]
[SourceTitle "EXT 2000"]
[Source "ChessBase"]
[SourceDate "1999.11.16"]
[SourceVersion "1"]
[SourceVersionDate "1999.11.16"]
[SourceQuality "1"]

1. e4 c5 2. Nf3 d6 3. d4 cxd4 4. Nxd4 Nf6 5. Nc3 g6 6. Be2 Bg7 7. Be3 0-0 8. 0-0 Nc6 9. Nb3 Ne5 10. f4 Neg4 11. Bd4 e5 12. fxe5 Nxe5 13. Qd2 Bd7 14. Rad1 Bc6 15. Qf4 Qc7 16. Rd2 a6 17. a4 b6 18. h3 Qb7 19. Bd3 Nfd7 20. a5 Nc5 21. axb6 Nexd3 22. Rxd3 Nxd3 23. cxd3 Bxd4+ 24. Nxd4 Qxb6 25. Qf6 Bb7 26. Kh1 Qd8 27. Qf4 Qe7 28. Nce2 Rae8 29. Qg3 Qe5 30. Qh4 d5 31. Nf3 Qe7 32. Qh6 dxe4 33. dxe4 Bxe4 34. Nf4 Bxf3 35. Rxf3 Qd6 36. Rf1 Re5 37. g4 Rfe8 38. Nh5 Qd5+ 0-1

[Event "POL-chT Region"]
[Site "Poland"]
[Date "1999.??.??"]
[Round "?"]
[White "Juzek, Adrian"]
[Black "Adamowski, Jan"]
[Result "1-0"]
[WhiteElo "2166"]
[BlackElo "2079"]
[PlyCount "71"]
[EventDate "1999.??.??"]
[EventType "team"]
[EventRounds "13"]
[EventCountry "POL"]
[SourceTitle "EXT 2002"]
[Source "ChessBase"]
[SourceDate "2001.11.25"]
[SourceVersion "1"]
[SourceVersionDate "2001.11.25"]
[SourceQuality "1"]

1. e4 e6 2. d4 d5 3. Nc3 Nf6 4. Bg5 Bb4 5. e5 h6 6. Bd2 Bxc3 7. bxc3 Ne4 8. Qg4 g6 9. h4 c5 10. Bd3 Nxd2 11. Kxd2 Nc6 12. Rh3 Qc7 13. Rf3 Rf8 14. Nh3 cxd4 15. cxd4 Nb4 16. Nf4 Nxd3 17. Nxd3 Bd7 18. h5 gxh5 19. Qh4 Rc8 20. Ne1 Qc4 21. Rb1 Bb5 22. Rd3 b6 23. Rbb3 Qa4 24. Rdc3 Rc4 25. Rxc4 Bxc4 26. Rc3 Qxa2 27. Nd3 Qa4 28. Nf4 Rg8 29. Nxh5 Rg6 30. Nf4 Rg8 31. Qxh6 Qb4 32. Qh7 Rf8 33. Nh5 a5 34. Qg7 Kd8 35. Nf6 Bb5 36. Kc1 1-0

[Event "POL-chT 2nd div South"]
[Site "Polanica Zdroj"]
[Date "1999.??.??"]
[Round "10"]
[White "Juzek, Adrian"]
[Black "Zaskalski, Arkadiusz"]
[Result "0-1"]
[WhiteElo "2166"]
[BlackElo "2226"]
[PlyCount "82"]
[EventDate "1999.09.17"]
[EventType "team-swiss"]
[EventRounds "10"]
[EventCountry "POL"]
[SourceTitle "EXT 2001"]
[Source "ChessBase"]
[SourceDate "2000.11.22"]
[SourceVersion "1"]
[SourceVersionDate "2000.11.22"]
[SourceQuality "1"]
[WhiteTeam "POL-chT 2nd div South 23"]
[BlackTeam "Rolnik Roza"]
[WhiteTeamCountry "POL"]
[BlackTeamCountry "POL"]

1. e4 c5 2. Nf3 d6 3. d4 cxd4 4. Nxd4 Nf6 5. Nc3 g6 6. Be2 Bg7 7. 0-0 Nc6 8. Nb3 0-0 9. Be3 Be6 10. f4 Na5 11. f5 Bc4 12. Bd3 Bxd3 13. cxd3 a6 14. Kh1 Nc6 15. d4 b5 16. Qf3 Rc8 17. g4 Nd7 18. g5 Nb6 19. f6 Bh8 20. Rad1 b4 21. Ne2 Nd7 22. Rc1 exf6 23. gxf6 Qxf6 24. Qg2 Qe7 25. Ng3 Bg7 26. d5 Nce5 27. Nd4 Kh8 28. Rxc8 Rxc8 29. Rg1 Qf8 30. Rf1 Qe7 31. Rg1 Qf8 32. Rf1 Qe8 33. h4 Ng4 34. Bg1 Nde5 35. h5 Qd7 36. hxg6 hxg6 37. Ndf5 gxf5 38. Nxf5 f6 39. Rf4 Bh6 40. Nxh6 Qh7 41. Rxf6 Nxf6 0-1

[Event "POL-chT Region"]
[Site "Poland"]
[Date "1999.??.??"]
[Round "?"]
[White "Michalczyk, Stanislaw"]
[Black "Juzek, Adrian"]
[Result "0-1"]
[WhiteElo "2155"]
[BlackElo "2166"]
[PlyCount "112"]
[EventDate "1999.??.??"]
[EventType "team"]
[EventRounds "13"]
[EventCountry "POL"]
[SourceTitle "EXT 2002"]
[Source "ChessBase"]
[SourceDate "2001.11.25"]
[SourceVersion "1"]
[SourceVersionDate "2001.11.25"]
[SourceQuality "1"]

1. e4 c5 2. c3 d5 3. exd5 Qxd5 4. d4 Nc6 5. Nf3 e5 6. Be2 cxd4 7. cxd4 e4 8. Nc3 Bb4 9. 0-0 Bxc3 10. bxc3 Nge7 11. Nd2 0-0 12. Bc4 Qa5 13. Qb3 b5 14. Be2 Be6 15. Qa3 Nd5 16. Nxe4 f5 17. Qxa5 Nxa5 18. Nc5 Nxc3 19. Bf3 Bc4 20. Bxa8 Rxa8 21. Bd2 Ne2+ 22. Kh1 Nc6 23. Nb3 Ncxd4 24. Nxd4 Nxd4 25. Rfc1 Re8 26. Be3 Ne2 27. Re1 a6 28. a3 Re6 29. Bc5 Kf7 30. Rad1 g5 31. Rd7+ Ke8 32. Red1 g4 33. Rd8+ Kf7 34. R1d7+ Kf6 35. Rd6 a5 36. Rxe6+ Kxe6 37. Bb6 b4 38. axb4 axb4 39. Rc8 Kd5 40. Rc5+ Kd4 41. Rxf5+ Kd3 42. Bc5 b3 43. Ba3 Kc3 44. Re5 b2 45. Bxb2+ Kxb2 46. Re4 Bd3 47. Rxg4 Kc3 48. Rg7 Kd2 49. Rf7 Ke1 50. Rf3 Bg6 51. Rf8 Kf1 52. Rf6 Bd3 53. Rd6 Nf4 54. h3 Ke1 55. h4 Bf1 56. Kh2 Bxg2 0-1

[Event "POL-chT 2nd div South"]
[Site "Polanica Zdroj"]
[Date "1999.??.??"]
[Round "9"]
[White "Wesolowski, Tadeusz"]
[Black "Juzek, Adrian"]
[Result "0-1"]
[WhiteElo "2221"]
[BlackElo "2166"]
[PlyCount "40"]
[EventDate "1999.09.17"]
[EventType "team-swiss"]
[EventRounds "10"]
[EventCountry "POL"]
[SourceTitle "EXT 2001"]
[Source "ChessBase"]
[SourceDate "2000.11.22"]
[SourceVersion "1"]
[SourceVersionDate "2000.11.22"]
[SourceQuality "1"]
[WhiteTeam "POL-chT 2nd div South 26"]
[BlackTeam "POL-chT 2nd div South 23"]
[WhiteTeamCountry "POL"]
[BlackTeamCountry "POL"]

1. d4 Nf6 2. c4 c5 3. d5 e6 4. Nc3 exd5 5. cxd5 d6 6. e4 a6 7. a4 g6 8. Nf3 Bg4 9. Be2 Bxf3 10. Bxf3 Bg7 11. 0-0 0-0 12. Bf4 Re8 13. Qd2 Qc7 14. Bh6 Bh8 15. Rae1 Nbd7 16. Bd1 c4 17. h3 Rab8 18. Re3 b5 19. axb5 axb5 20. Bc2 Nc5 0-1

[Event "POL-chT 2nd League South"]
[Site "Wisla"]
[Date "1998.??.??"]
[Round "?"]
[White "Dubiel, Jacek"]
[Black "Juzek, Adrian"]
[Result "1/2-1/2"]
[WhiteElo "2365"]
[BlackElo "2170"]
[PlyCount "194"]
[EventDate "1998.11.20"]
[EventType "team-swiss"]
[EventRounds "10"]
[EventCountry "POL"]
[SourceTitle "EXT 2000"]
[Source "ChessBase"]
[SourceDate "1999.11.16"]
[SourceVersion "1"]
[SourceVersionDate "1999.11.16"]
[SourceQuality "1"]

1. e4 c5 2. Nf3 e6 3. d4 cxd4 4. Nxd4 Nf6 5. Nc3 d6 6. Be2 Be7 7. 0-0 Nc6 8. Be3 0-0 9. f4 e5 10. fxe5 dxe5 11. Nf5 Bxf5 12. Rxf5 g6 13. Rf1 Nd4 14. Bd3 Kg7 15. Kh1 Ne6 16. Qf3 h5 17. Rad1 Ng4 18. Bg1 Nd4 19. Qg3 Bh4 20. Qh3 Rc8 21. Nd5 Bg5 22. c3 Ne6 23. Be2 Qa5 24. Bxg4 hxg4 25. Qxg4 Qxa2 26. Ra1 Qc4 27. b3 f5 28. Qxg5 Nxg5 29. bxc4 Nxe4 30. Rxa7 Rxc4 31. Rxb7+ Kh6 32. Be3+ f4 33. Nxf4 exf4 34. Bxf4+ Rxf4 35. Rxf4 Rxc3 36. h3 Ng3+ 37. Kh2 Nf5 38. Rb6 Rc5 39. Rg4 Ne7 40. Re6 Rc7 41. Rh4+ Kg7 42. Ra4 Nf5 43. Raa6 Nh4 44. g3 Rc2+ 45. Kg1 Rg2+ 46. Kf1 Rxg3 47. Kf2 Rf3+ 48. Ke2 Rxh3 49. Re3 Rh2+ 50. Kd3 Nf5 51. Ree6 Rg2 52. Ke4 Re2+ 53. Kf4 Rf2+ 54. Kg4 Rg2+ 55. Kf3 Rg1 56. Kf2 Rg4 57. Reb6 Rf4+ 58. Kg2 Rh4 59. Kf3 Rg4 60. Ra4 Rg3+ 61. Kf2 Rg5 62. Kf3 Rg3+ 63. Kf4 Rg1 64. Ke5 Re1+ 65. Re4 Rg1 66. Re2 Rg3 67. Rf2 Re3+ 68. Kf4 Rg3 69. Rb7+ Kf6 70. Rb6+ Kg7 71. Ra6 Rg1 72. Ra5 Kf6 73. Ra6+ Kg7 74. Raa2 Kf6 75. Rg2 Rf1+ 76. Ke4 Re1+ 77. Kd3 Re3+ 78. Kd2 Re6 79. Re2 Rd6+ 80. Ke1 Kg7 81. Kf2 Rd3 82. Ra5 Kf6 83. Rb2 Rc3 84. Rb6+ Kg7 85. Ra7+ Kh6 86. Raa6 Rg3 87. Rf6 Rg5 88. Rf7 Rh5 89. Ra1 Rh2+ 90. Kf3 Rh3+ 91. Kf4 Rh2 92. Rf1 Rh3 93. Ra7 Rh2 94. Ke5 Rg2 95. Kf6 Rh2 96. Ra8 Kh7 97. Re1 Ng3 1/2-1/2

[Event "Krakow op-A"]
[Site "Krakow"]
[Date "1998.??.??"]
[Round "?"]
[White "Juzek, Adrian"]
[Black "Malakhatko, Vadim"]
[Result "0-1"]
[WhiteElo "2170"]
[BlackElo "2410"]
[PlyCount "62"]
[EventDate "1998.??.??"]
[EventType "swiss"]
[EventRounds "9"]
[EventCountry "POL"]
[SourceTitle "EXT 2002"]
[Source "ChessBase"]
[SourceDate "2001.11.25"]
[SourceVersion "1"]
[SourceVersionDate "2001.11.25"]
[SourceQuality "1"]

1. e4 c5 2. Nf3 e6 3. d4 cxd4 4. Nxd4 Nf6 5. Nc3 Nc6 6. Ndb5 d6 7. Bf4 e5 8. Bg5 a6 9. Na3 b5 10. Nd5 Be7 11. Bxf6 Bxf6 12. c3 0-0 13. Nc2 Bg5 14. a4 bxa4 15. Rxa4 a5 16. Bc4 Rb8 17. b3 Kh8 18. 0-0 g6 19. Nde3 f5 20. Bd5 Ne7 21. Nc4 Ba6 22. Re1 fxe4 23. N2e3 Nxd5 24. Nxd5 Bb5 25. Ra2 a4 26. Rxa4 Bxa4 27. bxa4 Qd7 28. Rxe4 Qxa4 29. Qf1 Qc6 30. Rg4 Qxd5 31. Rxg5 Rxf2 0-1

[Event "POL-chT disctrict"]
[Site "Slask"]
[Date "1996.??.??"]
[Round "?"]
[White "Kawczynski, Leslaw"]
[Black "Juzek, Adrian"]
[Result "1/2-1/2"]
[WhiteElo "2285"]
[BlackElo "2130"]
[PlyCount "103"]
[EventDate "1996.??.??"]
[EventType "team"]
[EventRounds "12"]
[EventCountry "POL"]
[SourceTitle "EXT 2001"]
[Source "ChessBase"]
[SourceDate "2000.11.22"]
[SourceVersion "1"]
[SourceVersionDate "2000.11.22"]
[SourceQuality "1"]

1. Nf3 c5 2. c4 Nc6 3. Nc3 g6 4. g3 Bg7 5. Bg2 Nf6 6. 0-0 0-0 7. d4 cxd4 8. Nxd4 Ng4 9. Nc2 Bxc3 10. bxc3 Qa5 11. h3 Nge5 12. Bh6 Re8 13. Ne3 d6 14. Kh2 Be6 15. f4 Nxc4 16. Nxc4 Qh5 17. Bg5 h6 18. Ne3 hxg5 19. g4 Qh6 20. f5 gxf5 21. gxf5 Bd7 22. Ng4 Qh4 23. Rb1 Rab8 24. e4 f6 25. e5 fxe5 26. f6 Kh8 27. fxe7 Bxg4 28. Qxg4 Qxg4 29. hxg4 Nxe7 30. Bxb7 Kg7 31. Rb3 Rf8 32. Rd1 Rfd8 33. Kg3 Rd7 34. Rdb1 Rc7 35. a4 a5 36. Kf3 Rf8+ 37. Ke3 Rf4 38. Rd1 Rcc4 39. Bf3 e4 40. Be2 Rxa4 41. Rxd6 Rf6 42. Rd7 Re6 43. Rb5 Kf6 44. Ra7 Nc6 45. Rf5+ Kg6 46. Ra8 Ra3 47. Rg8+ Kh6 48. Rgxg5 Rxc3+ 49. Kf4 Nd4 50. Rh5+ Kg7 51. Rfg5+ Kf8 52. Bd1 1/2-1/2